000 00297nam a22001337a 4500
008 170508b xxu||||| |||| 00| 0 eng d
020 _a9780135034446
041 _aeng
080 _212TH
_a34
100 _a15
101 _aSHJ
245 _aCORRECTIONS IN AMERICA
_cALLEN, H.E
942 _2udc
_cBK
999 _c12909
_d12909